| 000 | 02293nam a2200457 a 4500 | ||
|---|---|---|---|
| 001 | 65042 | ||
| 003 | BD-RjUL | ||
| 005 | 20211209081400.0 | ||
| 008 | 170226s19561955pk ||||||||s|o00| 0 eng d | ||
| 020 | _c: PRs. 6.00 (V-1) | ||
| 020 | _c: PRs. 7.00 (V-2) | ||
| 020 | _c: PRs. 18.75 (V-3) | ||
| 020 | _c: PRs. 10.00 (V-7) | ||
| 020 | _c: PRs. 10.00 (V-4) | ||
| 035 | _a(BD-RjUL)65172 | ||
| 040 |
_aBD-RjUL _beng _cBD-RjUL _dBD-RjUL |
||
| 041 | _aeng | ||
| 082 |
_223 _a304.609549021 _bPAC 1955-1956 |
||
| 110 | 1 |
_aPakistan _bCensus Commission _9221839 |
|
| 245 | 1 | 0 |
_aCensus of Pakistan, 1951 / _cPakistan. Census Commission |
| 246 |
_aPakistan : _bReport & Tables / by E. H. Slade : (V-1) ; _aBaluchistan: _bReport & Tables / by Agha Mir Yakub Shah: (V-2) ; _aEast Bengal : _aReport & Tables / by H. H. Nomani : (V-3) ; |
||
| 246 |
_aNorth-West Frontier Province: _bReports & Tables / by Sheikh Abdul Hamid : (V-4) ; _aWest Pakistan: _bTables of Economic Characteristics / N. Shamsi : (V-7) . |
||
| 260 |
_aKarachi: _bManager of Publications, _c[1955-1956] |
||
| 300 |
_a v. : _bIll. ; _c24 cm. |
||
| 505 | 0 | _aVol. 1, Pakistan : Report & Tables / by E. H. Slade -- v. 2, Baluchistan / by Agha Mir Yakub Shah -- v. 3, East Bengal : Report & Tables / by H. H. Nomani -- v. 4, North-West Frontier Province : Reports & Tables / by Sheikh Abdul Hamid -- v.7, Tables of Economic Characteristics West Pakistan / N. Shamsi -- | |
| 651 |
_aPakistan _xcensus, 1951 _9192749 |
||
| 651 |
_aEast Bengal (Pakistan) _xcensus, 1951 _9192756 |
||
| 651 |
_aWest Pakistan (Pakistan) _xcensus, 1951 _9192765 |
||
| 651 |
_aPakistan _xPopulation _vStatistics _y1951 _9192750 |
||
| 651 |
_aEast Bengal (Pakistan) _xPopulation _vStatistics _y1951 _9192757 |
||
| 651 |
_aWest Pakistan (Pakistan) _xPopulation _vStatistics _y1951 _9192766 |
||
| 651 |
_aWest Pakistan (Pakistan) _vEconomic Staistics, 1951 _9192767 |
||
| 651 |
_aNorth-West Frontier Province (Pakistan) _xPopulation _vStatistics _y1951 _9221840 |
||
| 651 |
_aBaluchistan (Pakistan) _xPopulation _vStatistics _y1951 _981561 |
||
| 700 |
_aSlade, E. H. _9232281 |
||
| 700 |
_aNomani, H. H. _9232282 |
||
| 700 |
_aShamsi, N. _9192768 |
||
| 700 |
_aHamid, Sheikh Abdul _9232283 |
||
| 700 |
_aShah, Agha Mir Yakub _9232284 |
||
| 942 |
_2ddc _cRAR |
||
| 999 |
_c65042 _d65042 |
||